00666nam a2200253Ia 450000500170000000800410001702000150005804100080007308200100008110000290009124500590012025000110017926000270019026000170021730000080023465000160024265000120025865000220027065000230029294200070031501000100032295200610033299900190039320250425162223.0250425s9999 xx 000 0 und d a950892022X aspa a153.1 aGALAGOVSKY KURMAN, LYDIA 0aREDES CONCEPTUALES APRENDIZAJE, COMUNICACION Y MEMORIA a1A ED. aArgentinabLUGARc1996 aBUENOS AIRES a188 aAPRENDIZAJE aMEMORIA aPROCESOS MENTALES aREDES CONCEPTUALES c01 a57740 00104070aCIBbCIBd2006-04-21g28.00l0p52006t1y01 c224787d224787